000 00672 a2200205 4500
999 _c6981
_d6981
020 _a0198750676 (pbk.) :
050 0 0 _aBJ1025. SIN 2006
100 _aSinger, Peter
_eeditor
245 0 0 _aApplied ethics /
_cedited by Peter Singer.
264 _aCape Town:
_bOxford university press.,
_c2006
300 _avi, 264 p. ;
440 0 _aOxford readings in philosophy
500 _aIncludes index.
504 _aBibliography: p. [259]-261.
650 0 _aApplied ethics.
650 0 _aSocial problems.
700 1 _aSinger, Peter,
_d1946-
856 4 2 _3Publisher description
_uhttp://www.loc.gov/catdir/enhancements/fy0603/86016316-d.html
942 _2lcc
_cBK
_h1025
_iSIN
_kBJ